00386 a2200109 4500001000900000005001700009008004100026245011000067100002100177700002400198773005400222ART_763820260410161637.0260409a 10aLa importancia del Club Atlético Boca Juniors en el impuesto al valor agregado (reflotando la L. 16774)1 aLorenzo, Armando1 aCavalli, César M.0 tConsultor tributariog- Nº 6 (ago. 2007)wREV474